Normal view
MARC view
Entry Personal Name
001 - CONTROL NUMBER
- control field: 48982
003 - CONTROL NUMBER IDENTIFIER
- control field: ARRUPE
005 - DATE AND TIME OF LATEST TRANSACTION
- control field: 20200122090902.0
008 - FIXED-LENGTH DATA ELEMENTS
- fixed length control field: 200122|| aca||aabn | a|a d
040 ## - CATALOGING SOURCE
- Original cataloging agency: ARRUPE
- Transcribing agency: ARRUPE
100 ## - HEADING--PERSONAL NAME
- Personal name: Victoria,
- Titles and other words associated with a name: Queen of Great Britain,
- Dates associated with a name: 1819-1901.
670 ## - SOURCE DATA FOUND
- Source citation: Work cat.: (ARRUPE)0: Victoria, Queen of Great Britain, 1819-1901., Dearest child;, 1964